| Поле | Инд. | ПП | Название | Значение |
|---|---|---|---|---|
| Тип записи | a | |||
| Библиографический уровень | b | |||
| 001 | Контрольный номер | RU/IS/BASE/482937180 | ||
| 005 | Дата корректировки | 20200522191728.5 | ||
| 008 | Кодируемые данные | 20150421 | ||
| 040 | b | Код языка каталог. | rus | |
| e | Правила каталог. | PSBO | ||
| 041 | 0_ | a | Код языка текста | rus |
| 084 | a | Индекс другой классификации/Индекс ББК | 65.9(2Рос)-592 | |
| 100 | 1_ | a | Автор | Проценко И. |
| 100 | 1_ | a | Автор | Кулаговская Т. |
| 245 | 10 | a | Заглавие | Управление финансовыми потоками в цепях поставок: проблемы и направления совершенствования |
| 504 | a | Библиография | Библиогр. | |
| 520 | a | Аннотация | Рассмотрены особенности логистического управления финансовыми потоками в цепях поставок. Предложена модель оценки рисков в процессе управления финансовыми и материальными потоками. | |
| 650 | 14 | a | Основная рубрика | логистика |
| a | Основная рубрика | экономика | ||
| 653 | 1_ | a | Ключевые слова | имитационное моделирование |
| a | Ключевые слова | логистическое управление (логистический менеджмент) | ||
| a | Ключевые слова | материальные потоки | ||
| a | Ключевые слова | модель оценки рисков | ||
| a | Ключевые слова | управление потоками | ||
| a | Ключевые слова | управление рисками (риск-менеджмент) | ||
| a | Ключевые слова | управление финансами (финансовый менеджмент) | ||
| a | Ключевые слова | финансовая логистика | ||
| a | Ключевые слова | финансовая стратегия | ||
| a | Ключевые слова | финансовая устойчивость | ||
| a | Ключевые слова | финансовые потоки | ||
| a | Ключевые слова | финансовые ресурсы | ||
| a | Ключевые слова | финансовые риски | ||
| a | Ключевые слова | цепи поставок | ||
| 773 | 08 | t | Заглавие источника | РИСК: ресурсы, информация, снабжение, конкуренция |
| d | Дата издания источника | 2013 | ||
| g | Прочая информация | № 3. - С. 24 - 32 : табл., граф., рис. | ||
| w | Контрольный № источника | RU/IS/BASE/439917319 | ||
| 901 | t | Тип документа | b |